| 000 | 00337nam a22001337a 4500 | ||
|---|---|---|---|
| 003 | SGT | ||
| 082 |
_a320.954 _bG80C |
||
| 100 | _aCHOUDHARY, S. DUTTA | ||
| 245 | _aGAZETTER OF INDIA: ARUNACHAL PRADESH TIRAP DISTRICT | ||
| 260 |
_bGOVERNMENT OF ARUNACHAL PRADESH _c1980 |
||
| 300 | _a238 | ||
| 650 | _aPOLITICAL SCIENCE | ||
| 942 |
_2ddc _cBK |
||
| 999 |
_c28098 _d28098 |
||